000 01067nam a2200217Ia 4500
999 _c34599
_d34599
001 360
003 GE_BSU
005 20200122120649.0
008 181216s2011||||ge |||||||||||||| ||geo||
040 _cGE_BSU
041 _ageo
080 _a615.9(075.8) კ-36
100 _aკაციტაძე, გივი
_96312
245 _aპრიორიტეტული მოქმედებები მწვავე მოწამვლისათვის :
_b სახელმძღვ. უმაღლ. სამედ. სასწავლებლების სტუდენტებისა და ექიმებისათვის /
_c გივი კაციტაძე ; რედ. ქ. კვანტრიშვილი.
264 _aთბილისი,
_c2011.
300 _a440 გვ.:
_b ილ. ;
_c23 სმ.
653 _aმედიცინა
653 _a ტოქსიკოლოგია
700 _aკვანტრიშვილი, ქ.
_eრედაქტორი
_96313
942 _cBK
_2udc